00343nam a2200145Ia 4500008004100000020001800041041000800059082001700067100001700084245003400101260002100135300000800156365001600164700001700180230718s9999 xx 000 0 und d a9780670087143 aeng a823.081bMUK aMukherjee S. aThe Gene : An Animate History c2016bAllen Lane a592 cRs.b699.00 aMukherjee S.